'K' in Asia Quiz Stats

Quiz Updated Jun 7, 2016

Challenge
Share
Tweet
Embed
Score 0/11 Timer 03:00
5 Plays Today
% Correct
Kazakhstan
91.5%
North Korea
88.2%
South Korea
88.2%
Pakistan
84.8%
Kyrgyzstan
82.5%
Turkmenistan
81.3%
Uzbekistan
79.6%
Tajikistan
76.5%
Turkey
75.8%
Kuwait
73.2%
Sri Lanka
61.7%

You're not logged in!

Compare scores with friends on all Sporcle quizzes.
Sign Up with Email
OR
Log In

You Might Also Like...

Show Comments

Extras

Top Quizzes Today


Score Distribution

Your Account Isn't Verified!

In order to create a playlist on Sporcle, you need to verify the email address you used during registration. Go to your Sporcle Settings to finish the process.